|
|
|
|
| LEADER |
00000nbm0a2200000 4500 |
| 001 |
233326 |
| 005 |
20231101231235.0 |
| 035 |
|
|
|a (RuTPU)RU\TPU\book\254403
|
| 090 |
|
|
|a 233326
|
| 100 |
|
|
|a 20130301d1978 k y0rusy50 ca
|
| 101 |
0 |
|
|a rus
|
| 102 |
|
|
|a RU
|
| 105 |
|
|
|a a m 001zy
|
| 200 |
1 |
|
|a Исследование аппарата улавливания фтористого водорода, фтора и гексафторида урана как объекта управления и разработка функционального обеспечения АСУ ТП узла улавливания сублиматного производства
|e диссертация на соискание ученой степени кандидата технических наук
|e спец. 05.13.07
|f В. Н. Береза
|g Томский политехнический институт (ТПИ), Физико-технический факультет ; науч. рук. М. Ф. Ткаченко
|
| 210 |
|
|
|a Томск
|c [Б. и.]
|d 1978
|
| 215 |
|
|
|a 211 л.
|c ил.
|
| 320 |
|
|
|a Библиогр.: с. 184-194 (134 назв.).
|
| 371 |
0 |
|
|a For_staff_use
|
| 606 |
1 |
|
|a Фтор,соединения
|x Производство
|2 stltpush
|3 (RuTPU)RU\TPU\subj\32144
|9 54791
|
| 606 |
1 |
|
|a Сублимация
|2 stltpush
|3 (RuTPU)RU\TPU\subj\72409
|
| 610 |
1 |
|
|a технологические объекты
|
| 610 |
1 |
|
|a управление
|
| 610 |
1 |
|
|a математическое моделирование
|
| 610 |
1 |
|
|a улавливание
|
| 610 |
1 |
|
|a аппараты
|
| 610 |
1 |
|
|a производственные условия
|
| 610 |
1 |
|
|a локальная автоматика
|
| 610 |
1 |
|
|a АСУ ТП
|
| 610 |
1 |
|
|a функциональное обеспечение
|
| 610 |
1 |
|
|a сублиматное производство
|
| 610 |
1 |
|
|a диссертации
|
| 675 |
|
|
|a 661.48(04)
|v 3
|
| 675 |
|
|
|a 66.04(04)
|v 3
|
| 686 |
|
|
|a 05.13.07
|2 oksvnk
|
| 700 |
|
1 |
|a Береза
|b В. Н.
|g Валентин Николаевич
|
| 702 |
|
1 |
|a Ткаченко
|b М. Ф.
|4 727
|
| 712 |
0 |
2 |
|a Томский политехнический институт (ТПИ)
|b Физико-технический факультет
|c (1944-1991)
|2 stltpush
|3 (RuTPU)RU\TPU\col\1123
|
| 801 |
|
1 |
|a RU
|b 63413507
|c 20130301
|
| 801 |
|
2 |
|a RU
|b 63413507
|c 20130325
|g RCR
|
| 942 |
|
|
|c BK
|